| 000 | 00404nam a2200145Ia 4500 | ||
|---|---|---|---|
| 008 | 210430s9999 xx 000 0 und d | ||
| 020 | _a978-81-265-1894-4 | ||
| 082 | _a670 O851 M | ||
| 100 |
_aPhillip F.Ostwald, Jairo Munoz _9127772 |
||
| 245 |
_aManufacturing Processes and Systems / _cPhillip F.Ostwald |
||
| 250 | _a9th edition | ||
| 260 |
_aUk _bWiley _c2008 |
||
| 300 | _a782p | ||
| 942 |
_cBK _2ddc |
||
| 999 |
_c564764 _d564764 |
||